Применение методов многокомпонентного анализа для определения состава вещества по цветовой шкале; Молодежь и современные информационные технологии; Т. 1

Podrobná bibliografie
Parent link:Молодежь и современные информационные технологии: сборник трудов XII Всероссийской научно-практической конференции студентов, аспирантов и молодых ученых, г. Томск, 12-14 ноября 2014 г./ Национальный исследовательский Томский политехнический университет (ТПУ), Институт кибернетики (ИК) ; ред. кол. Е. А. Сикора [и др.].— , 2014
Т. 1.— 2014.— [С. 84-85]
Hlavní autor: Выймова Т. А.
Korporativní autor: Национальный исследовательский Томский политехнический университет (ТПУ) Институт кибернетики (ИК) Кафедра компьютерных измерительных систем и метрологии (КИСМ)
Další autoři: Спиридонова А. С. Анна Сергеевна
Shrnutí:Заглавие с титульного экрана
Jazyk:ruština
Vydáno: 2014
Edice:Математическое моделирование и компьютерный анализ данных
Témata:
On-line přístup:http://earchive.tpu.ru/handle/11683/20321
http://www.lib.tpu.ru/fulltext/c/2014/C04/V1/034.pdf
Médium: MixedMaterials Elektronický zdroj Kapitola
KOHA link:https://koha.lib.tpu.ru/cgi-bin/koha/opac-detail.pl?biblionumber=610566

MARC

LEADER 00000naa2a2200000 4500
001 610566
005 20260407145206.0
035 |a (RuTPU)RU\TPU\conf\8181 
035 |a RU\TPU\conf\8179 
090 |a 610566 
100 |a 20150129d2014 k y0rusy50 ca 
101 0 |a rus 
102 |a RU 
135 |a drcn ---uucaa 
181 0 |a i  
182 0 |a b 
200 1 |a Применение методов многокомпонентного анализа для определения состава вещества по цветовой шкале  |f Т. А. Выймова, А. С. Спиридонова 
203 |a Текст  |c электронный 
225 1 |a Математическое моделирование и компьютерный анализ данных 
300 |a Заглавие с титульного экрана 
320 |a [Библиогр.: с. 85 (6 назв.)] 
337 |a Adobe Reader 
461 1 |0 (RuTPU)RU\TPU\conf\7802  |t Молодежь и современные информационные технологии  |o сборник трудов XII Всероссийской научно-практической конференции студентов, аспирантов и молодых ученых, г. Томск, 12-14 ноября 2014 г.  |o в 2 т.  |f Национальный исследовательский Томский политехнический университет (ТПУ), Институт кибернетики (ИК) ; ред. кол. Е. А. Сикора [и др.]  |d 2014 
463 0 |0 (RuTPU)RU\TPU\conf\7790  |t Т. 1  |v [С. 84-85]  |d 2014 
610 1 |a труды учёных ТПУ 
610 1 |a электронный ресурс 
610 1 |a многокомпонентный анализ 
610 1 |a состав 
610 1 |a вещества 
610 1 |a цветовые шкалы 
610 1 |a сложные смеси 
610 1 |a химический анализ 
700 1 |a Выймова  |b Т. А. 
701 1 |a Спиридонова  |b А. С.  |c специалист в области контрольно-измерительной техники  |c доцент Томского политехнического университета, кандидат технических наук  |f 1980-  |g Анна Сергеевна  |3 (RuTPU)RU\TPU\pers\30262  |9 14633 
712 0 2 |a Национальный исследовательский Томский политехнический университет (ТПУ)  |b Институт кибернетики (ИК)  |b Кафедра компьютерных измерительных систем и метрологии (КИСМ)  |3 (RuTPU)RU\TPU\col\18706 
801 2 |a RU  |b 63413507  |c 20210317  |g RCR 
856 4 |u http://earchive.tpu.ru/handle/11683/20321 
856 4 |u http://www.lib.tpu.ru/fulltext/c/2014/C04/V1/034.pdf 
942 |c BK